| 000 | 00847nam a22002657a 4500 | ||
|---|---|---|---|
| 001 | 7359 | ||
| 003 | FISKH | ||
| 005 | 20250710144501.0 | ||
| 008 | 250710b cb ||||| |||| 00| 0 eng d | ||
| 020 | _a9781740898072 | ||
| 040 |
_aFISKH _beng _cFISKH _dFISKH |
||
| 050 | _aPZ7 | ||
| 082 | _a599.75 | ||
| 100 | _aRyan, Denise | ||
| 245 |
_aBig cats : _bTop readers / _cDenise Ryan |
||
| 260 |
_aSydney : _bWeldon Owen, _c2008. |
||
| 300 |
_a24 pages : _bcolor illustrations ; _c23 cm |
||
| 505 | _aH | ||
| 520 | _aBig cats are always on the lookout for animals to hunt. Not all cats are big cats. Lions, leopards, and tigers are big cats. So are panthers and jaguars. But are cheetahs? | ||
| 521 | 8 |
_a430
_bLexile |
|
| 521 | 8 |
_aH
_bRaz-Plus |
|
| 650 |
_aAnimals _vNon-Fiction _xWild Cats |
||
| 942 |
_2ddc _cBK _n0 |
||
| 999 |
_c7359 _d7359 |
||